| 000 | 00000nam##2200000za#4500 |
| 001 | 9.689646 |
| 003 | CaOODSP |
| 005 | 20220224110500 |
| 007 | cr ||||||||||| |
| 008 | 150407|2007||||xxc|||||o f|0| 0 eng|d |
| 020 | |a978-0-662-45755-8 |
| 040 | |aCaOODSP|beng |
| 043 | |an-cn--- |
| 086 | 1 |aFo4-8/2005-1E-PDF |
| 110 | 2 |aCanadian Council of Forest Ministers. |
| 245 | 10|aCriteria and indicators of sustainable forest management in Canada : |h[electronic resource]|bkey trends and conditions 2005 |
| 260 | |aOttawa - Ontario : |bCanadian Council of Forest Ministers |cc2007. |
| 300 | |a12p.|bfigs., graphs, maps, tables, photographs |
| 590 | |a12-17-Supp|b2012-04-20 |
| 690 | 07|aForest management|2gcpds |
| 775 | 08|tCritères et indicateurs de l'aménagement forestier durable au Canada : |w(CaOODSP)9.634044 |
| 856 | 40|ahttp://publications.gc.ca|qPDF|s1.49 MB|uhttps://publications.gc.ca/collections/collection_2012/rncan-nrcan/Fo4-8-2005-1-eng.pdf |